Segunda Guerra Mundial - Estadísticas

Estadísticas generales
  • Esta prueba ha sido intentada 582 veces
  • La puntuación promedio es 3 de 15
Estadísticas de respuestas
Pregunta Respuesta % Correcto
¿Cuándo empezo la Segunda Guerra Mundial? 1939
97%
¿Cuando acabo la 2GM? 1945
49%
Hitler se suicido en su: Bunker
40%
¿Cuál es el nombre de las 2 ciudades en las que lanzaron la bomba nuclear? Hiroshima y Nagasaki
30%
¿Que signifíca Blitzkreig? Guerra Relampago
26%
¿Que paises conformaban Los Ejes? Alemania, Italia y Japón
15%
Los nombres de los líderes del Eje son: Adolf Hitler, Benito Mussolini y HiroHito
14%
Japón ataco a: Pearl Harbour
12%
Las Wunderwaffen pertenecen a que pais: Alemania Nazi
10%
Los nombres de los líderes Aliados son: Winston Churchill, Charles de Gaulle, Iosif Stalin y Franklin D Roosevelt
8%
¿Que alianza firmaron los Ejes? El Pacto de Acero
6%
Japón le declaro la guerra a: Los Estados Unidos
2%
¿Que territorios anexo Alemania Antes de La Guerra? Austria y Los Sudetes
1%
Los paises que invadieron Polonia conjuntamente son: La URSS y Alemania Nazi
0%
¿Que paises conformaban Los Aliados? Reino Unido, Francia, la URSS y los Estados Unidos
0%
No se encontraron pruebas coincidentes
Distribución de puntuación
Porcentaje de gente con cada puntuación
Porcentaje por número respondido
Historial de tus puntuaciones
No has intentado esta prueba.